000
00322nam a2200133Ia 4500
100
_a
Walpole/R.E
942
_c
BK
654
_a
Probability
245
_a
Probability and statistics for engineers and scientists
260
_b
Maxwell Macmillan
_a
New York
_c
1990
082
_a
519
_b
WAL
300
_a
765
546
_a
ENGLISH
999
_c
24764
_d
24764